| 000 | 00330 a2200121 4500 | ||
|---|---|---|---|
| 000 | nam a22 7a 4500 | ||
| 005 | 20260129143050.0 | ||
| 020 | _a9780262049450 | ||
| 100 |
_aFabozzi, Frank J. _91112732 |
||
| 245 | _aIntroduction to Fixed-Income analysis and Portfolio Management | ||
| 260 |
_bMIT Press _c2024 |
||
| 942 | _cTEXL | ||
| 999 |
_c1678361 _d1678361 |
||